000 00551cam a22002171 4500
001 sa 64001982
003 DLC
005 20260227112006.0
008 941104s1963 ii a 000 0 maro
010 _asa 64001982
025 _aPL480:I-Mar-511
035 _a(OCoLC)31407569
040 _aDLC
_cCU
_dCU
_dDLC
050 0 0 _aHQ1061
_b.M45
100 1 _aMhaskar, Krishnaji Shripat,
_d1879-
245 1 0 _aVṛddhāñcē jīvanaśāstra.
260 _c1963.
300 _a118 p.
_billus.
_c18 cm.
500 _aIn Marathi.
650 0 _aOlder people.
999 _c57080
_d57080